La voluntad de Dios Padre en Mt 6,10 y Mt 26,42
| Main Author: | |
|---|---|
| Format: | Print Article |
| Language: | Spanish |
| Check availability: | HBZ Gateway |
| Interlibrary Loan: | Interlibrary Loan for the Fachinformationsdienste (Specialized Information Services in Germany) |
| Published: |
2009
|
| In: |
Scriptorium Victoriense
Year: 2009, Volume: 56, Issue: 3/4, Pages: 233-331 |
| Standardized Subjects / Keyword chains: | B
Bible. Matthäusevangelium 6,10
/ Bible. Matthäusevangelium 26,42
/ Will of God
|
| IxTheo Classification: | HC New Testament NBC Doctrine of God |
| Further subjects: | B
Canavesio, Giovanni Passionsgeschichte
B Lord's Prayer B Bible. Matthäusevangelium 26,42 B Matthew B Bible. Matthäusevangelium 26 B Bible. Matthäusevangelium 6,10 B Bible. Matthäusevangelium 6 |
MARC
| LEADER | 00000caa a22000002c 4500 | ||
|---|---|---|---|
| 001 | 1646845714 | ||
| 003 | DE-627 | ||
| 005 | 20220616125817.0 | ||
| 007 | tu | ||
| 008 | 160405s2009 xx ||||| 00| ||spa c | ||
| 035 | |a (DE-627)1646845714 | ||
| 035 | |a (DE-576)467532648 | ||
| 035 | |a (DE-599)BSZ467532648 | ||
| 040 | |a DE-627 |b ger |c DE-627 |e rakwb | ||
| 041 | |a spa | ||
| 084 | |a 1 |2 ssgn | ||
| 100 | 1 | |0 (DE-588)1054058288 |0 (DE-627)791019942 |0 (DE-576)409980846 |4 aut |a Badiola Sáenz de Ugarte, José Antonio | |
| 109 | |a Badiola Sáenz de Ugarte, José Antonio |a Badiola Saenz de Ugarte, José Antonio |a De Ugarte, José Antonio Badiola Sáenz |a Sáenz de Ugarte, José Antonio Badiola |a Ugarte, José Antonio Badiola Sáenz de | ||
| 245 | 1 | 3 | |a La voluntad de Dios Padre en Mt 6,10 y Mt 26,42 |c José Antonio Badiola Saenz de Ugarte |
| 264 | 1 | |c 2009 | |
| 336 | |a Text |b txt |2 rdacontent | ||
| 337 | |a ohne Hilfsmittel zu benutzen |b n |2 rdamedia | ||
| 338 | |a Band |b nc |2 rdacarrier | ||
| 600 | 1 | 7 | |0 (DE-588)7541877-0 |0 (DE-627)517046393 |0 (DE-576)256655677 |a Canavesio, Giovanni |t Passionsgeschichte |2 gnd |
| 630 | 0 | 7 | |0 (DE-588)7584623-8 |0 (DE-627)481719342 |0 (DE-576)27322283X |a Bibel |p Matthäusevangelium |n 6,10 |2 gnd |
| 630 | 0 | 7 | |0 (DE-588)1069988928 |0 (DE-627)823161056 |0 (DE-576)429671709 |a Bibel |p Matthäusevangelium |n 26,42 |2 gnd |
| 630 | 0 | 7 | |0 (DE-588)4038001-4 |0 (DE-627)106234463 |0 (DE-576)209027703 |a Bibel |p Matthäusevangelium |2 gnd |
| 630 | 0 | 7 | |0 (DE-588)4062399-3 |0 (DE-627)106132121 |0 (DE-576)209144009 |a Vaterunser |2 gnd |
| 630 | 0 | 7 | |0 (DE-588)1133555772 |0 (DE-627)890350388 |0 (DE-576)489486533 |a Bibel |p Matthäusevangelium |n 6 |2 gnd |
| 630 | 0 | 7 | |0 (DE-588)4407102-4 |0 (DE-627)196263972 |0 (DE-576)21212501X |a Bibel |p Matthäusevangelium |n 26 |2 gnd |
| 652 | |a HC:NBC | ||
| 689 | 0 | 0 | |d u |0 (DE-588)7584623-8 |0 (DE-627)481719342 |0 (DE-576)27322283X |a Bibel |2 gnd |p Matthäusevangelium |n 6,10 |
| 689 | 0 | 1 | |d u |0 (DE-588)1069988928 |0 (DE-627)823161056 |0 (DE-576)429671709 |a Bibel |2 gnd |p Matthäusevangelium |n 26,42 |
| 689 | 0 | 2 | |d s |0 (DE-588)4130489-5 |0 (DE-627)105702188 |0 (DE-576)209619430 |2 gnd |a Wille Gottes |
| 689 | 0 | |5 (DE-627) | |
| 773 | 0 | 8 | |i In |t Scriptorium Victoriense |d Vitoria, 1954 |g 56(2009), 3/4, Seite 233-331 |w (DE-627)166750522 |w (DE-600)300820-4 |w (DE-576)015183874 |x 0559-2186 |7 nnas |
| 773 | 1 | 8 | |g volume:56 |g year:2009 |g number:3/4 |g pages:233-331 |
| 935 | |a mteo |a BIIN | ||
| 951 | |a AR | ||
| BIB | |a 1 | ||
| BIR | |a 01000000_01999999,01006000_01006999,01006009_01006013,01006010_01006010,01026000_01026999,01026042_01026042,03011002_03011004 |b biblesearch | ||
| ELC | |b 1 | ||
| ITA | |a 1 |t 1 | ||
| LOK | |0 000 xxxxxcx a22 zn 4500 | ||
| LOK | |0 001 3320465503 | ||
| LOK | |0 003 DE-627 | ||
| LOK | |0 004 1646845714 | ||
| LOK | |0 005 20160405161821 | ||
| LOK | |0 008 160404||||||||||||||||ger||||||| | ||
| LOK | |0 040 |a DE-Tue135 |c DE-627 |d DE-Tue135 | ||
| LOK | |0 092 |o n | ||
| LOK | |0 852 |a DE-Tue135 | ||
| LOK | |0 852 1 |9 00 | ||
| LOK | |0 935 |a ixzs |a ixmi | ||
| LOK | |0 936ln |0 1442044136 |a HC | ||
| LOK | |0 936ln |0 1442051507 |a NBC | ||
| LOK | |0 939 |a 04-04-16 |b l01 | ||
| LOK | |0 000 xxxxxcx a22 zn 4500 | ||
| LOK | |0 001 3320465511 | ||
| LOK | |0 003 DE-627 | ||
| LOK | |0 004 1646845714 | ||
| LOK | |0 005 20190311215730 | ||
| LOK | |0 008 190311||||||||||||||||ger||||||| | ||
| LOK | |0 035 |a (DE-Tue135-1)196076 | ||
| LOK | |0 040 |a DE-Tue135-1 |c DE-627 |d DE-Tue135-1 | ||
| LOK | |0 852 |a DE-Tue135-1 | ||
| LOK | |0 852 1 |c SJ077978/56/BEJ |m p |9 00 | ||
| LOK | |0 852 2 |b SJ Z 129 |9 00 | ||
| LOK | |0 935 |a iZSA | ||
| LOK | |0 936ln |0 1442044136 |a HC | ||
| LOK | |0 938 |k p | ||
| LOK | |0 939 |a 11-03-19 |b l12 | ||
| ORI | |a SA-MARC-ixtheoa001.raw | ||
| STA | 0 | 0 | |a Lord's Prayer,Our Father,Pater noster,Will of God,God |
| STB | 0 | 0 | |a Volonté de Dieu |
| STC | 0 | 0 | |a Voluntad de Dios |
| STD | 0 | 0 | |a Volontà di Dio |
| STE | 0 | 0 | |a 神的意志,上帝的意志,神的旨意 |
| STF | 0 | 0 | |a 神的意志,上帝的意志,神的旨意 |
| STG | 0 | 0 | |a Vontade de Deus |
| STH | 0 | 0 | |a Божья воля |
| STI | 0 | 0 | |a Θέληση του Θεού,Θέλημα του Θεού |
| SUB | |a BIB | ||
| SYA | 0 | 0 | |a Canavesio, Giovanni,Szenen der Passion Christi |
| SYD | 0 | 0 | |a Matthäusevangelium,Mt,Matt,Evangelium secundum Matthaeum,In Matthaeum,Matthäus-Evangelium,Evangelium nach Matthäus,The Gospel of St. Matthew,Il Vangelo secondo San Matteo,Er Vangelo siconno Matteo,Das Matthäus-Evangelium im mittelägyptischen Dialekt des Koptischen (Codex Scheide),Matthäusevangelium (Buch der Bibel),Evangelium nach Matthäus (Buch der Bibel),Evangile selon Matthieu (Buch der Bibel),Evangile de Matthieu (Buch der Bibel),Gospel of Matthew (Buch der Bibel),Gospel according to Matthew (Buch der Bibel),Vangelo secondo Matteo (Buch der Bibel),Vangelo di Matteo (Buch der Bibel),Svetoto evangelie ot Mateja,Ka euanelio a Mataio,Book hoa Matthew,Bible,Matthew , Herrengebet,Vater unser,Bibel,Lukasevangelium,11,2-4,Bibel,Matthäusevangelium,6,9-13,Gebet des Herrn,Das Gebeth des Herrn,Unser Vater,Oratio dominica,Pater noster , Bibel,Matthäusevangelium,6,1-34 |
| SYG | 0 | 0 | |a Gotteswille |